• 首页
  • 本馆介绍
  • 公告通知
  • 最新文献
  • 馆藏检索
  • 电子资源
  • 读者导购
  • 参考咨询
  • 我的图书馆
  • 登录
  • 详细信息显示
  • 放入我的书架
  • 预约/预借图书
  • 作者相关作品
  • 分类相关作品
  • 丛书相关作品
  • 出版社相关作品

书目信息

  • 表格格式
  • 工作单格式
  • 卡片格式
题名:
吃出自愈力
    
 
作者: 李 著 ;路旦俊 , 蔡志强 译
分册:  
出版信息: 长沙   湖南科学技术出版社  2021.4
页数: 10,416页
开本: 23cm
丛书名:
单 册:
中图分类: R459.3
科图分类:
主题词: 西医疗法--食物疗法
电子资源:
ISBN: 978-7-5710-0099-8
000 01189nam0 2200277 45
001 012001002737
005 20141008111818.0
010    @a978-7-5710-0099-8@dCNY78.00
100    @a20210520d2021 em y0chiy50 ea
101 1  @achi@ceng
102    @aCN@b430000
105    @ay z 000yy
106    @ar
200 1  @a吃出自愈力@Achi chu zi yu li@dEat to beat disease@ethe new science of how your body can heal itself@f(美)威廉·李(William W. Li)著@g路旦俊, 蔡志强译@zeng
210    @a长沙@c湖南科学技术出版社@d2021.4
215    @a10,416页@d23cm
300    @a并列题名:Eat to beat disease
330    @a本书阐释了血管生成、再生、微生物组、DNA保护和免疫五大系统的运作原理,以及食物何以能帮助我们抵抗疾病。书中开出健康食物清单,传授独创的5×5×5饮食计划,教你从选择喜爱的食物入手,制订自己的健康饮食计划。你完全可以通过吃喜欢的食物,收获宝贵的健康。
510 1  @aEat to beat disease@ethe new science of how your body can heal itself@zeng
606 0  @a西医疗法@x食物疗法
690    @aR459.3@v5
701  1 @c(美)@a李@Ali@gLi, William W.@4著
702  0 @a路旦俊@Alu dan jun@4译
702  0 @a蔡志强@Acai zhi qiang@4译
801  0 @aCN@bBJSDL@c20211018
905    @b1350282-5@dR459.3@e150@f4
    
    吃出自愈力=Eat to beat disease:the new science of how your body can heal itself/(美)威廉·李(William W. Li)著/路旦俊, 蔡志强译.-长沙:湖南科学技术出版社,2021.4
    10,416页;23cm
    并列题名:Eat to beat disease
    
    ISBN 978-7-5710-0099-8:CNY78.00
    本书阐释了血管生成、再生、微生物组、DNA保护和免疫五大系统的运作原理,以及食物何以能帮助我们抵抗疾病。书中开出健康食物清单,传授独创的5×5×5饮食计划,教你从选择喜爱的食物入手,制订自己的健康饮食计划。你完全可以通过吃喜欢的食物,收获宝贵的健康。
●
相关链接 在E读中查询图书 在五车中查询图书 在当当中查询图书 在豆瓣中查询图书


正题名:吃出自愈力     索取号:R459.3/150         预约/预借

序号 登录号 条形码 馆藏地/架位号 状态 备注
1 1350282   213502823   第二样本阅览室/ [索取号:R459.3/150] 在馆    
2 1350283   213502832   第三借阅区/ [索取号:R459.3/150] 在馆    
3 1350284   213502841   第三借阅区/ [索取号:R459.3/150] 在馆    
4 1350285   213502850   第三借阅区/ [索取号:R459.3/150] 在馆    
唐山师范学院图书馆 欢迎您!
大连网信软件有限公司© 版权所有